000 01222nam a2200325 i 4500
008
020 _a0897660730 (pbk.)
049 _aMAIN
050 0 _aQP551
_bPRE
245 0 0 _aPrecursor processing in the biosynthesis of proteins /
_cedited by Morris Zimmerman, Richard A. Mumford, and Donald F. Steiner.
260 _aNew York, N.Y. :
_bNew York Academy of Sciences,
_c1980.
300 _a449 p. :
_bill. ;
_c23 cm.
440 0 _aAnnals of the New York Academy of Sciences ;
_vv. 343
500 _aProceedings of a conference held by the New York Academy of Sciences, May 2-3, 1979.
504 _aIncludes bibliographical references.
500 _aincludes index.
650 0 _aProtein biosynthesis
_xCongresses.
650 2 _aProteins
_xbiosynthesis
_xcongresses.
650 2 _aProtein Precursors
_xcongresses
700 _aZimmerman, Morris.
700 _aMumford, Richard A.
700 _aSteiner, Donald F.
710 2 _aNew York Academy of Sciences.
740 0 _aConference on precursor processing in the biosynthesis of proteins.
907 _a.b10245455
_b10-04-13
_c21-05-07
003
005 20230123134448.0
040 _cNUST
942 _cBOOKS
999 _c166327
_d166327